|
|
|
|
| LEADER |
00958nam a22002297a 4500 |
| 001 |
AAL4609 |
| 003 |
BD-DhAAL |
| 005 |
20160323093027.0 |
| 008 |
160323s 2002bg ||||| |||| 00| 0 ben d |
| 040 |
|
|
|a BD-DhAAL
|c BD-DhAAL
|
| 082 |
|
|
|a 613.205
|
| 100 |
|
|
|a কল্লোল, মিজানুর রহমান
|9 18742
|
| 245 |
|
|
|a ভালো থাকুন সুস্থ থাকুন /
|c মিজানুর রহমান কল্লোল
|
| 260 |
|
|
|a ঢাকা :
|b নিউ শিখা প্রকাশনী,
|c ২০০২
|
| 300 |
|
|
|a ১২০ পৃ. ;
|c ২২ সে.মি.
|
| 541 |
|
|
|e 4609
|
| 650 |
|
|
|a Nutrition.
|9 18743
|
| 650 |
|
|
|a Health education.
|9 18744
|
| 852 |
|
|
|a Savar Campus Library
|c General Shelf
|
| 942 |
|
|
|2 ddc
|c BK
|
| 999 |
|
|
|c 37203
|d 37203
|
| 952 |
|
|
|0 0
|1 0
|2 ddc
|4 0
|6 613_205000000000000_KOL
|7 0
|9 58486
|a SCL
|b SCL
|c GEN
|d 2016-03-23
|g 4609.00
|l 2
|m 8
|o 613.205 KOL
|p 3020004609
|r 2019-03-29
|s 2019-02-14
|t 1
|w 2016-03-23
|y BK
|